00686 2200217 4500001002100000005001500021035002000036007000300056008003900059082001600098084002200114100001500136245010900151260005300260300004100313650001100354650004800365650002600413022001300439990001600452INLIS00000000000120120250212083207 a0010-0225000039ta250212 | | |  a632.3-635.2 a632.3-635.2 PER a0 aPertiwi, S1 aAkademik Prototype of chili pathogen early detection system by using multispectral NIR/NUV /cPertiwi, S aUnited Kingdom, Bristol :bIOP Publishing,c2024 a1-11 hlm, :bIlus ;c21 cm x 29,7 cm 4aJurnal 4aPrototipe sistem deteksi dini patogen cabai 4aNIR/NUV multispektral a17551315 a00000001282